|
|
|
|
| LEADER |
01208cam a2200217 a 4500 |
| 001 |
AALConferenceProceedingsIEEE005254 |
| 008 |
231005c9999 xx r poo 0 0eng d |
| 020 |
|
|
|a 978-1-7281-5602-6
|
| 020 |
|
|
|a 978-1-7281-5603-3
|
| 040 |
|
|
|a BD-DhAAL
|c BD-DhAAL
|
| 245 |
0 |
0 |
|h [electronic resource]
|a 2020 19th International Conference on Mechatronics - Mechatronika (ME)
|
| 260 |
|
|
|b IEEE
|
| 300 |
|
|
|a 1 online resource
|
| 500 |
|
|
|a <strong>Off-Campus Access:</strong> Athens ID and Password Required
|
| 500 |
|
|
|a <strong>On-Campus Access:</strong> No User ID or Password Required
|
| 506 |
|
|
|a Electronic access restricted to authorized BRAC University faculty, staff and students
|
| 538 |
|
|
|a Mode of access: Internet
|
| 650 |
|
4 |
|a Bioengineering; Communication, Networking and Broadcast Technologies; Power, Energy and Industry Applications; Robotics and Control Systems
|
| 655 |
|
7 |
|a Conference papers and proceedings.
|2 Library of Congress
|
| 856 |
4 |
0 |
|z Full text available on IEEE [2017-2023]
|u https://ieeexplore.ieee.org/servlet/opac?punumber=9286597
|
| 856 |
4 |
0 |
|z Off-campus access
|u https://go.openathens.net/redirector/bracu.ac.bd?url=https%3A%2F%2Fieeexplore.ieee.org%2Fservlet%2Fopac%3Fpunumber%3D9286597
|